Understanding research in early childhood education : (Record no. 6247)
[ view plain ]
| 000 -LEADER | |
|---|---|
| fixed length control field | 01245cam a22002898i 4500 |
| 003 - CONTROL NUMBER IDENTIFIER | |
| control field | OSt |
| 005 - DATE AND TIME OF LATEST TRANSACTION | |
| control field | 20260703103807.0 |
| 008 - FIXED-LENGTH DATA ELEMENTS--GENERAL INFORMATION | |
| fixed length control field | 230829s2024 nyu b 001 0 eng |
| 020 ## - INTERNATIONAL STANDARD BOOK NUMBER | |
| International Standard Book Number | 9781032407272 |
| Qualifying information | (hardback) |
| 020 ## - INTERNATIONAL STANDARD BOOK NUMBER | |
| International Standard Book Number | 9781032394909 |
| Qualifying information | (paperback) |
| 020 ## - INTERNATIONAL STANDARD BOOK NUMBER | |
| Canceled/invalid ISBN | 9781003354499 |
| Qualifying information | (ebook) |
| 040 ## - CATALOGING SOURCE | |
| Original cataloging agency | KABLIB |
| Language of cataloging | eng |
| Description conventions | rda |
| Transcribing agency | KABLIB |
| 082 00 - DEWEY DECIMAL CLASSIFICATION NUMBER | |
| Classification number | 372.21 |
| Edition number | 23 |
| Item number | UND |
| 100 1# - MAIN ENTRY--PERSONAL NAME | |
| Personal name | Mueller, Jennifer J., |
| Relator term | author. |
| 9 (RLIN) | 15879 |
| 245 10 - TITLE STATEMENT | |
| Title | Understanding research in early childhood education : |
| Remainder of title | quanitative and qualitative methods / |
| Statement of responsibility, etc. | Jennifer J. Mueller and Nancy File with Andrew J. Stremmel, Iheoma U Iruka, and Kristin L. Whyte. |
| 250 ## - EDITION STATEMENT | |
| Edition statement | 2 ed. |
| 264 #1 - PRODUCTION, PUBLICATION, DISTRIBUTION, MANUFACTURE, AND COPYRIGHT NOTICE | |
| Place of production, publication, distribution, manufacture | New York, NY : |
| Name of producer, publisher, distributor, manufacturer | Routledge, |
| Date of production, publication, distribution, manufacture, or copyright notice | c2024 |
| 300 ## - PHYSICAL DESCRIPTION | |
| Extent | vii,203 p. : |
| Other physical details | ill, |
| Dimensions | 26 cm |
| 504 ## - BIBLIOGRAPHY, ETC. NOTE | |
| Bibliography, etc. note | Includes bibliographical references, index. |
| 650 #0 - SUBJECT ADDED ENTRY--TOPICAL TERM | |
| Topical term or geographic name entry element | Early childhood education |
| General subdivision | Research |
| -- | Methodology. |
| 9 (RLIN) | 15880 |
| 700 1# - ADDED ENTRY--PERSONAL NAME | |
| Personal name | File, Nancy |
| 9 (RLIN) | 15881 |
| 700 1# - ADDED ENTRY--PERSONAL NAME | |
| Personal name | Stremmel, Andrew J., |
| 9 (RLIN) | 15882 |
| 700 1# - ADDED ENTRY--PERSONAL NAME | |
| Personal name | Iruka, Iheoma U, |
| Relator term | author. |
| 9 (RLIN) | 15883 |
| 700 1# - ADDED ENTRY--PERSONAL NAME | |
| Personal name | Whyte, Kristin L., |
| 9 (RLIN) | 15884 |
| 776 08 - ADDITIONAL PHYSICAL FORM ENTRY | |
| Relationship information | Online version : |
| Main entry heading | Mueller, Jennifer J. |
| Title | Understanding research in early childhood education |
| Edition | Second edition. |
| Place, publisher, and date of publication | New York, NY : Routledge, [2024] |
| International Standard Book Number | 9781003354499 |
| Record control number | (DLC) 2023039436 |
| 942 ## - ADDED ENTRY ELEMENTS (KOHA) | |
| Source of classification or shelving scheme | Dewey Decimal Classification |
| Koha item type | Book |
| Withdrawn status | Lost status | Source of classification or shelving scheme | Damaged status | Not for loan | Home library | Current library | Shelving location | Date acquired | Source of acquisition | Total Checkouts | Full call number | Barcode | Date last seen | Price effective from | Koha item type |
|---|---|---|---|---|---|---|---|---|---|---|---|---|---|---|---|
| Dewey Decimal Classification | Education Library | Education Library | Open Access Section | 03.07.2026 | purchased | 372.21 UND | 14968 | 03.07.2026 | 03.07.2026 | Book | |||||
| Dewey Decimal Classification | Education Library | Education Library | Open Access Section | 03.07.2026 | purchased | 372.21 UND | 14969 | 03.07.2026 | 03.07.2026 | Book |